El pintor Pelegrín Clavé (Record no. 1916)
[ view plain ]
| 000 -CABECERA | |
|---|---|
| campo de control de longitud fija | 00657nam a2200193 a 4500 |
| 001 - NÚMERO DE CONTROL | |
| campo de control | BRCA_2160 |
| 005 - FECHA Y HORA DE LA ÚLTIMA TRANSACCIÓN | |
| campo de control | 20190320203708.0 |
| 008 - DATOS DE LONGITUD FIJA--INFORMACIÓN GENERAL | |
| campo de control de longitud fija | 750701s1966 mx-a---###---#000-0#spa-# |
| 040 ## - FUENTE DE LA CATALOGACIÓN | |
| Centro catalogador/agencia de origen | DLC |
| Centro/agencia transcriptor | OU |
| Centro/agencia modificador | OCoLC |
| 050 #4 - SIGNATURA TOPOGRÁFICA DE LA BIBLIOTECA DEL CONGRESO | |
| Número de clasificación | ND813 |
| Número de documento/Ítem | .M67 1966 |
| 100 1# - ENTRADA PRINCIPAL--NOMBRE DE PERSONA | |
| Nombre de persona | Moreno, Salvador |
| 9 (RLIN) | 6509 |
| 245 10 - MENCIÓN DE TÍTULO | |
| Título | El pintor Pelegrín Clavé |
| Mención de responsabilidad, etc. | Salvador Moreno. |
| 260 ## - PUBLICACIÓN, DISTRIBUCIÓN, ETC. | |
| Lugar de publicación, distribución, etc. | México |
| Nombre del editor, distribuidor, etc. | UNAM, Instituto de Investigaciones Estéticas |
| Fecha de publicación, distribución, etc. | 1966 |
| 300 ## - DESCRIPCIÓN FÍSICA | |
| Extensión | 166, [179] p. |
| Otras características físicas | il., láminas a color |
| Dimensiones | 28 cm. |
| 500 ## - NOTA GENERAL | |
| Nota general | Incluye índice de ilustraciones a color e índice de nombres |
| 600 14 - PUNTO DE ACCESO ADICIONAL DE MATERIA--NOMBRE DE PERSONA | |
| Nombre de persona | Clavé, Pelegrín |
| Fechas asociadas al nombre | 1811-1880 |
| Subdivisión general | Pintores |
| 9 (RLIN) | 6510 |
| 653 0# - TÉRMINO DE INDIZACIÓN--NO CONTROLADO | |
| Término no controlado | Pintores españoles |
| 942 ## - ELEMENTOS DE PUNTO DE ACCESO ADICIONAL (KOHA) | |
| Fuente del sistema de clasificación o colocación | Library of Congress Classification |
| Tipo de ítem Koha | Libros |
| Estado de retiro | Estado de pérdida | Estado dañado | No para préstamo | Localización permanente | Ubicación/localización actual | Fecha de adquisición | Total de préstamos | Signatura topográfica completa | Código de barras | Fecha visto por última vez | Precio válido a partir de | Tipo de ítem Koha |
|---|---|---|---|---|---|---|---|---|---|---|---|---|
| El ejemplar forma parte de la colección y puede ser consultado según las políticas vigentes. | Biblioteca del Museo Franz Mayer (Rogerio Casas-Alatriste) | Biblioteca del Museo Franz Mayer (Rogerio Casas-Alatriste) | 14/08/2008 | ND813 .M67 1966 | 01215 | 22/03/2019 | 22/03/2019 | Libros |